=LDR 00000nam 2200000 4500 =001 INLIS000000000033606 =005 20130612135542 =008 ***********************************ind** =035 ##$$0010-061300000033606 =041 ##$$a ind =082 ##$$a 741.022 =090 ##$$a 741.022, Wan s =100 ##$$a Wang, Thomas C =245 ##$$a Sketsa Pensil/ Thomas C. Wang; Penerjemah, Zulkifli Harahap; Editor, Hilarius Wibi Hardani =260 ##$$a 2006 $b Jakarta =300 ##$$a ix,118 hlm., Ilus., 21 cm =650 ##$$a Gambar-menggambar =700 ##$$a Harahap, Zulkifli =850 ##$$a NBPNMAT =990 ##$$a 0001/BPAP-NTB/2016 =990 ##$$a 72647264 =990 ##$$a 01201707264 =990 ##$$a 0001/BPAP-NTB/2016